| 000 | 00354nam a2200133 a 4500 | ||
|---|---|---|---|
| 001 | 2939 | ||
| 003 | CDMR | ||
| 005 | 20130313133420.0 | ||
| 008 | 130130s1996||||||||||||||||||||||||||||d | ||
| 040 |
_aCDMR _bcat _cCPC GIRONA |
||
| 245 | 0 | 0 |
_aNarcĂs Sans (1920-1994) fotos _b: Girona en imatges 10 |
| 260 |
_c1996 _bAjuntament de Girona _aGirona |
||
| 942 |
_cMON _2udc |
||
| 999 |
_c2939 _d2939 |
||